000 00585nam a2200169Ia 4500
008 090201s9999 xx 000 0 und d
010 _aKPL-53040
040 _bमराठी
041 _aमराठी
082 _a14045
_b53040
100 _aअण्णाभाऊ साठे
245 _aवारणेच्या खोऱ्यात
_cअण्णाभाऊ साठे
260 _c2004
_bविद्यार्थी प्रकाशन
300 _a96
_bमोठा
600 _aवारणेच्या खोऱ्यात
942 _cBOOK
999 _c214227
_d214227